Statistiques concernant Disney paroles - Ou est la vraie vie ? (Raiponce)

Cliquez ici pour prendre le quiz!

Statistiques générales

  • Ce quiz a été pris 3 351 fois
    (3 092 depuis la dernière actualisation)
  • Le résultat moyen est 155 sur 176

Statistiques - réponses

Réponse% Correct
de
99%
je
99%
Je
99%
la
99%
me
99%
Et
98%
et
98%
98%
ou
98%
se
98%
ma
97%
il
96%
Il
96%
vie.
96%
vraie
96%
demande,
95%
demande
95%
est
95%
heure
95%
livre
95%
ne
95%
que
95%
rêve
95%
sept
95%
Sept
95%
un
95%
fait
94%
lis
94%
qu'à
94%
réveille
94%
A
93%
brille.
93%
couleur.
93%
dehors
93%
en
93%
faut
93%
le
93%
maison
93%
clair.
92%
deux
92%
J'ajoute
92%
même
92%
moi.
92%
qui
92%
trois.
92%
chaque
91%
jusqu'à
91%
nettoie
91%
poussière.
91%
quart.
91%
placard
90%
Puis
90%
quelques
90%
c'est
89%
couleurs
89%
Ensuite
89%
plaisent
89%
chasse
88%
suis
88%
brosse
87%
tricot,
87%
chevelure
86%
fois
86%
cache
85%
j'en
85%
manque
85%
dans
84%
frotte,
84%
guitare,
84%
Pascal
84%
sûre.
84%
cette
83%
mon
83%
anniversaire.
82%
jour
82%
ballaie
81%
j'ai
81%
les
81%
plus
81%
soir
81%
lumières
80%
mes
80%
relis
80%
échec
79%
gateaux
79%
d'aventure.
78%
livres.
78%
mat.
78%
m'épate.
77%
prison
77%
Vite
77%
demain
76%
y
76%
aller.
75%
cire,
74%
cookies.
74%
range
74%
soirée
74%
bougies.
73%
d'été.
73%
grande.
73%
pouvoir
73%
quoi
73%
ressemble
72%
arts
71%
grandit.
71%
Gymnastique,
71%
plastiques,
71%
dois
70%
comme
69%
marionnettes
69%
danse
67%
s'élèvent
67%
théâtre
66%
classique,
64%
maché,
63%
Papier
63%
fléchette
62%
cordes,
60%
Poterie
55%
puzzle,
54%
L'après-midi
42%

Distribution des résultats

Percentile par nombre de réponses

% des personnes avec chaque résultat

Votre développement - résultats

Vous n’avez pas pris ce quiz depuis la dernière actualisation